Reglamento general de créditos y avales de INFOCOOP

Wedi'i Gadw mewn:
Manylion Llyfryddiaeth
Awdur Corfforaethol: Instituto Nacional de Fomento Cooperativo (Costa Rica)
Fformat: Texto
Cyhoeddwyd: San José: Depto de Educación y Capacitación
Tagiau: Ychwanegu Tag
Dim Tagiau, Byddwch y cyntaf i dagio'r cofnod hwn!

MARC

LEADER 00000 a a2200000 04500
001 17171
003
040
090 |a 005000  
110 |a Instituto Nacional de Fomento Cooperativo (Costa Rica)  
245 |a Reglamento general de créditos y avales de INFOCOOP  
260 |a San José:   |b Depto de Educación y Capacitación  
300 |a 9 p.  
999 |c 2584  |d 2584